Разработка концепции очистки магистрального нефтепровода с участками разного диаметра; Научная инициатива иностранных студентов и аспирантов российских вузов

מידע ביבליוגרפי
Parent link:Научная инициатива иностранных студентов и аспирантов российских вузов.— 2020.— [С. 47-51]
מחבר ראשי: Атаныязов Э. А.
מחבר תאגידי: Национальный исследовательский Томский политехнический университет Школа базовой инженерной подготовки Отделение социально-гуманитарных наук
מחברים אחרים: Синицын Р. С. (научный руководитель), Филатов Е., Агранович В. Б. Виктория Борисовна
סיכום:Заглавие с экрана
שפה:רוסית
יצא לאור: 2020
סדרה:Актуальные проблемы естественных наук
נושאים:
גישה מקוונת:http://earchive.tpu.ru/handle/11683/63717
פורמט: אלקטרוני Book Chapter
KOHA link:https://koha.lib.tpu.ru/cgi-bin/koha/opac-detail.pl?biblionumber=632124

MARC

LEADER 00000naa2a2200000 4500
001 632124
005 20231101133709.0
035 |a (RuTPU)RU\TPU\conf\33825 
035 |a RU\TPU\conf\33822 
090 |a 632124 
100 |a 20201014d2020 k y0rusy50 ca 
101 0 |a rus 
102 |a RU 
105 |a y z 101zy 
135 |a drgn ---uucaa 
181 0 |a i  
182 0 |a b 
200 1 |a Разработка концепции очистки магистрального нефтепровода с участками разного диаметра  |f Э. А. Атаныязов, Р. С. Синицын, Е. Филатов  |g науч. рук. В. Б. Агранович 
203 |a Текст  |c электронный 
225 1 |a Актуальные проблемы естественных наук 
230 |a 1 компьютерный файл (pdf; 202 Kb) 
300 |a Заглавие с экрана 
320 |a [Библиогр.: с. 50-51 (9 назв.)] 
463 0 |0 (RuTPU)RU\TPU\conf\33820  |t Научная инициатива иностранных студентов и аспирантов российских вузов  |o сборник докладов X Всероссийской научно-практической конференции, Томск, 22-24 апреля 2020 г.  |f Национальный исследовательский Томский политехнический университет (ТПУ)  |v [С. 47-51]  |d 2020 
610 1 |a электронный ресурс 
610 1 |a труды учёных ТПУ 
610 1 |a очистка 
610 1 |a магистральные нефтепроводы 
610 1 |a эксплуатация 
610 1 |a композиционные растворители 
610 1 |a твердые отложения 
610 1 |a трубы 
700 1 |a Атаныязов  |b Э. А. 
701 1 |a Синицын  |b Р. С. 
701 1 |a Филатов  |b Е. 
702 1 |a Агранович  |b В. Б.  |c философ  |c доцент Томского политехнического университета, кандидат философских наук  |f 1967-  |g Виктория Борисовна  |2 stltpush  |4 727 
712 0 2 |a Национальный исследовательский Томский политехнический университет  |b Школа базовой инженерной подготовки  |b Отделение социально-гуманитарных наук  |h 8033  |2 stltpush  |3 (RuTPU)RU\TPU\col\23512 
801 2 |a RU  |b 63413507  |c 20201125  |g RCR 
856 4 |u http://earchive.tpu.ru/handle/11683/63717 
942 |c BK